Statistics for Eight-thousander by Picture

Click here to take the quiz!

General Stats

  • This quiz has been taken 8 times
  • The average score is 10 of 14

Answer Stats

Answer% Correct
K2
100%
Mount Everest
100%
Lhotse
83%
Annapurna I
67%
Broad Peak
67%
Cho Oyu
67%
Dhaulagiri
67%
Gasherbrum I
67%
Gasherbrum II
67%
Kangchenjunga
67%
Makalu
67%
Manaslu
67%
Nanga Parbat
67%
Shishapangma
67%

Score Distribution

Percentile by Number Answered

Percent of People with Each Score

Your Score History

You have not taken this quiz